[Event "4NCL Division 4 South"]
[Site "Reading, ENG"]
[Date "2018.03.24"]
[Round "7.11"]
[White "Webb, Richard M"]
[Black "Terry, Sean"]
[Result "1/2-1/2"]
[WhiteElo "2233"]
[BlackElo "1913"]
[PlyCount "39"]
[EventDate "2018.03.24"]

1. e4 c5 2. Nc3 Nc6 3. Nge2 Qb6 4. g3 e6 5. Bg2 d6 6. O-O Nf6 7. a3 Be7 8. Rb1
a5 9. d3 O-O 10. h3 Bd7 11. Be3 Nd4 12. b4 axb4 13. axb4 Qc7 14. bxc5 dxc5 15.
f4 Ra3 16. e5 Nxe2+ 17. Qxe2 Rxc3 18. Rxb7 Qc8 19. exf6 Bxf6 20. Rfb1 1/2-1/2

[Event "4NCL Division 4 South"]
[Site "Reading, ENG"]
[Date "2018.03.24"]
[Round "7.12"]
[White "Cole, Graham"]
[Black "Coates, Kenneth G"]
[Result "1/2-1/2"]
[WhiteElo "1855"]
[BlackElo "2095"]
[PlyCount "63"]
[EventDate "2018.03.24"]

1. e4 d5 2. exd5 Qxd5 3. Nc3 Qd6 4. d4 Nf6 5. Nf3 Bg4 6. g3 c6 7. Bg2 g6 8. O-O
Bg7 9. Bf4 Qd8 10. Qd2 O-O 11. Rfe1 Re8 12. h3 Bxf3 13. Bxf3 Nbd7 14. d5 cxd5
15. Nxd5 Nxd5 16. Bxd5 Qc8 17. c3 Nb6 18. Bg2 e5 19. Be3 Qc7 20. Bxb6 Qxb6 21.
Rad1 Rad8 22. Qe2 $11 22... h5 23. h4 a6 24. Bd5 Rd7 25. Bb3 Rde7 26. Qe3 Qxe3
27. Rxe3 Kh7 28. Red3 f5 29. Rd7 e4 30. Bf7 Rxd7 31. Rxd7 Re5 32. Rxb7 1/2-1/2

[Event "4NCL Division 4 South"]
[Site "Reading, ENG"]
[Date "2018.03.24"]
[Round "7.13"]
[White "Johnson, Derek R"]
[Black "Rudny, Tomasz"]
[Result "1-0"]
[WhiteElo "2050"]
[BlackElo "1907"]
[PlyCount "81"]
[EventDate "2018.03.24"]

1. e4 c5 2. b4 cxb4 3. Nf3 Nc6 4. a3 e6 5. Bb2 Nf6 6. e5 Nd5 7. axb4 Bxb4 8.
Na3 O-O 9. c4 Nc7 10. Nc2 Be7 11. d4 d6 12. Bd3 dxe5 13. dxe5 Nb4 14. Nxb4
Bxb4+ 15. Kf1 Na6 16. Bd4 Nc5 17. Bxh7+ Kxh7 18. Qb1+ g6 19. Qxb4 Na6 20. Qd2
b6 21. h4 Rh8 22. Qf4 Kg7 23. Ng5 Qe7 24. Ne4 Nc5 25. Qf6+ Qxf6 26. exf6+ Kg8
27. Bxc5 bxc5 28. Ra5 Rh5 29. f3 Bd7 30. Kf2 Bc6 31. Ng5 a6 32. Rd1 Be8 33. g3
Rb8 34. Rxc5 Rb2+ 35. Ke3 Rc2 36. Rd8 Kf8 37. Rcc8 Rc3+ 38. Kd4 Rxc4+ 39. Kxc4
Rxh4+ 40. gxh4 a5 41. Rxe8# 1-0

[Event "4NCL Division 4 South"]
[Site "Reading, ENG"]
[Date "2018.03.24"]
[Round "7.14"]
[White "Bush, Ian"]
[Black "Purdon, Colin"]
[Result "0-1"]
[WhiteElo "1832"]
[BlackElo "2058"]
[PlyCount "50"]
[EventDate "2018.03.24"]

1. e4 c6 2. d4 d5 3. exd5 cxd5 4. c4 Nf6 5. Nc3 Nc6 6. Bg5 Be6 7. Be2 Qa5 8.
Bf3 Rd8 9. Bd2 Qc7 10. Nb5 Qd7 11. Bf4 Rc8 12. c5 g6 13. Ne2 Bg7 14. Qa4 O-O
15. O-O Bg4 16. Bxg4 Qxg4 17. f3 Qd7 18. Rfd1 a6 19. Nbc3 Rfe8 20. b4 Qf5 21.
g4 Nxg4 22. Nxd5 Qxd5 23. fxg4 Nxd4 24. Re1 Nxe2+ 25. Rxe2 Bxa1 0-1

[Event "4NCL Division 4 South"]
[Site "Reading, ENG"]
[Date "2018.03.24"]
[Round "7.15"]
[White "Tart, Peter K"]
[Black "Mate, Maria"]
[Result "1-0"]
[WhiteElo "1946"]
[BlackElo "1770"]
[PlyCount "53"]
[EventDate "2018.03.24"]

1. e4 e5 2. Nf3 Nf6 3. d4 Nxe4 4. Bd3 d5 5. Nxe5 Bd6 6. Qh5 O-O 7. O-O Nf6 8.
Qf3 Be6 9. Bg5 Be7 10. Re1 Nbd7 11. Nd2 Re8 12. Nf1 h6 13. Bh4 Nxe5 14. dxe5
Nd7 15. Bxe7 Qxe7 16. Ng3 Qg5 17. Qe3 Qxe3 18. Rxe3 Nc5 19. Bf1 d4 20. Ree1 Nd7
21. f4 f5 22. exf6 Nxf6 23. Rxe6 Rxe6 24. Bc4 Kf7 25. f5 Ke7 26. fxe6 c5 27.
Nf5+ 1-0

[Event "4NCL Division 4 South"]
[Site "Reading, ENG"]
[Date "2018.03.24"]
[Round "7.16"]
[White "Neatherway, A Philip"]
[Black "Kirby, Andrew"]
[Result "1-0"]
[WhiteElo "1809"]
[BlackElo "1427"]
[PlyCount "87"]
[EventDate "2018.03.24"]

1. b3 Nc6 2. Bb2 e5 3. e3 Nf6 4. Bb5 d6 5. Ne2 Be7 6. d4 exd4 7. Nxd4 Bd7 8.
O-O Nxd4 9. Bxd7+ Nxd7 10. Bxd4 Bf6 11. Nd2 O-O 12. Ne4 Bxd4 13. Qxd4 Re8 14.
Rad1 Qe7 15. Ng3 Qe5 16. c4 h6 17. Qg4 Nf6 18. Qf3 Ne4 19. Rd4 Nxg3 20. hxg3 c6
21. Rfd1 Re6 22. Qf4 Kf8 23. R1d3 Qxf4 24. gxf4 Ke7 25. f3 c5 26. Rd5 Re8 27.
e4 a6 28. g4 b5 29. f5 bxc4 30. bxc4 Rf6 31. Ra3 Ra8 32. Rb3 g6 33. Rb7+ Ke8
34. e5 dxe5 35. Rxe5+ Kf8 36. Rxc5 gxf5 37. gxf5 Rd8 38. Rb2 Rfd6 39. a4 Rd3
40. Rc6 Rxf3 41. Rxh6 Rxf5 42. Rh8+ Ke7 43. Re2+ Kd7 44. Rd2+ 1-0

[Event "4NCL Division 4 South"]
[Site "Reading, ENG"]
[Date "2018.03.24"]
[Round "7.21"]
[White "Fowler, David"]
[Black "Ortiz Sanchez, Luis"]
[Result "0-1"]
[WhiteElo "1925"]
[BlackElo "1921"]
[PlyCount "66"]
[EventDate "2018.03.24"]

1. d4 Nf6 2. c4 e6 3. Nc3 Bb4 4. e3 b6 5. Nge2 c5 6. a3 Ba5 7. Bd2 Bb7 8. Nf4
cxd4 9. exd4 Bxc3 10. Bxc3 d5 11. Be2 dxc4 12. Qa4+ Qd7 13. Qxc4 Ba6 14. Qb3
Bxe2 15. Nxe2 O-O 16. O-O Na6 17. Nf4 Nc7 18. Nd3 Rfd8 19. Ne5 Qd5 20. Qxd5
Ncxd5 21. f4 Rac8 22. Rac1 Ne4 23. Bb4 a5 24. Rxc8 Rxc8 25. Re1 f5 26. Bc3 Nxf4
27. g3 Nd5 28. a4 Nexc3 29. bxc3 Rxc3 30. Nd7 Kf7 31. Rb1 Ra3 32. Nxb6 Nxb6 33.
Rxb6 Rxa4 0-1

[Event "4NCL Division 4 South"]
[Site "Reading, ENG"]
[Date "2018.03.24"]
[Round "7.22"]
[White "Szymanski, Mark"]
[Black "Vachtfeidl, Petr"]
[Result "1/2-1/2"]
[WhiteElo "1890"]
[BlackElo "1893"]
[PlyCount "37"]
[EventDate "2018.03.24"]

1. d4 Nf6 2. Nf3 g6 3. e3 Bg7 4. Bd3 O-O 5. c3 d5 6. O-O b6 7. Nbd2 Bb7 8. Ne5
c5 9. f4 Nfd7 10. Qg4 e6 11. Ndf3 Nf6 12. Qh3 Ne4 13. Bxe4 dxe4 14. Ng5 h6 15.
Nxe6 fxe6 16. Qxe6+ Kh7 17. Qxg6+ Kg8 18. Qe6+ Kh7 19. Qg6+ 1/2-1/2

[Event "4NCL Division 4 South"]
[Site "Reading, ENG"]
[Date "2018.03.24"]
[Round "7.23"]
[White "Mashayekh, Majid"]
[Black "Sagues, Vincent"]
[Result "1/2-1/2"]
[WhiteElo "1893"]
[BlackElo "1899"]
[PlyCount "91"]
[EventDate "2018.03.24"]

1. d4 d5 2. Bf4 Nf6 3. e3 c5 4. Nf3 Nc6 5. h3 Qb6 6. b3 Bf5 7. c3 e6 8. Bd3
Bxd3 9. Qxd3 cxd4 10. exd4 Be7 11. O-O O-O 12. Nbd2 Rac8 13. Rab1 Qa5 14. Rfc1
Rfd8 15. a4 Bd6 16. Bxd6 Rxd6 17. Ne5 Qd8 18. Qe3 Nd7 19. f4 Ne7 20. Qf2 f6 21.
Nef3 Rdc6 22. c4 dxc4 23. Nxc4 Nb6 24. Re1 Nxc4 25. bxc4 Qd7 26. c5 Nd5 27. g3
Ra6 28. Qb2 Rc7 29. Qb5 Qc8 30. Rb3 Rac6 31. f5 exf5 32. Qc4 Rd7 33. Rbe3 Kf8
34. R3e2 Rd8 35. Kg2 f4 36. Qd3 fxg3 37. Qxh7 Nf4+ 38. Kxg3 Nxe2+ 39. Rxe2 Qc7+
40. Ne5 fxe5 41. Rf2+ Ke8 42. Qg8+ Kd7 43. Rf7+ Kc8 44. Rxc7+ Rxc7 45. Qe6+
Rcd7 46. d5 1/2-1/2

[Event "4NCL Division 4 South"]
[Site "Reading, ENG"]
[Date "2018.03.24"]
[Round "7.24"]
[White "Calvert, D Ian"]
[Black "Lees, Fraser A"]
[Result "1-0"]
[WhiteElo "1904"]
[BlackElo "1885"]
[PlyCount "149"]
[EventDate "2018.03.24"]

1. b3 e5 2. Bb2 d6 3. e3 Nf6 4. Nf3 Nc6 5. d4 e4 6. d5 exf3 7. dxc6 fxg2 8.
Bxg2 d5 9. cxb7 Bxb7 10. Qe2 c6 11. Nd2 Qa5 12. O-O Bb4 13. Rfd1 Bc3 14. Bxc3
Qxc3 15. Qd3 Qb4 16. c4 O-O 17. Rac1 Rac8 18. Qc3 Qe7 19. cxd5 cxd5 20. Qb2
Rfd8 21. Nf3 Rxc1 22. Qxc1 Ne4 23. Qb2 Rc8 24. Rc1 Rxc1+ 25. Qxc1 Qc5 26. Qxc5
Nxc5 27. Nd4 Ne4 28. f3 Nc3 29. a4 Kf8 30. Bf1 g6 31. Kf2 Ke7 32. Ke1 a5 33.
Kd2 Na2 34. Nc2 Kd6 35. Bb5 Kc5 36. Be8 f6 37. f4 Bc8 38. h4 Bf5 39. Nd4 Be4
40. Nc6 Kb6 41. Ne7 Nb4 42. Ng8 g5 43. fxg5 fxg5 44. hxg5 Kc5 45. Kc3 Na2+ 46.
Kb2 Nb4 47. Nf6 Bf5 48. Bf7 Nd3+ 49. Ka3 d4 50. exd4+ Kxd4 51. Bg8 Ke5 52. Bxh7
Bxh7 53. Nxh7 Kf5 54. Nf8 Kxg5 55. Ne6+ Kf6 56. Nd4 Nb4 57. Kb2 Ke5 58. Nc2 Nd5
59. Na3 Kd4 60. Nc4 Kc5 61. Nxa5 Nb6 62. Ka3 Nd5 63. Nb7+ Kb6 64. Nd6 Kc5 65.
Ne4+ Kd4 66. Nf2 Kc5 67. Nd3+ Kd4 68. Nb4 Nc3 69. Na6 Nd5 70. a5 Ne7 71. Kb4
Nd5+ 72. Kb5 Nc3+ 73. Kc6 Nd5 74. Nc5 Nb4+ 75. Kb5 1-0

[Event "4NCL Division 4 South"]
[Site "Reading, ENG"]
[Date "2018.03.24"]
[Round "7.25"]
[White "Towers, Nigel S"]
[Black "Gibbs, Dominic V"]
[Result "1/2-1/2"]
[WhiteElo "1822"]
[BlackElo "1869"]
[PlyCount "122"]
[EventDate "2018.03.24"]

1. e4 g6 2. d4 Bg7 3. Nc3 c6 4. Nf3 d6 5. Be2 Nf6 6. Bg5 h6 7. Bh4 O-O 8. Qd2
Nbd7 9. h3 b5 10. e5 Ne8 11. Bg3 dxe5 12. dxe5 Nc7 13. O-O Ne6 14. Rad1 Qb6 15.
a4 b4 16. Na2 a5 17. b3 Rd8 18. Qe1 Bb7 19. Bc4 Ndc5 20. Qe3 Rxd1 21. Rxd1 Rd8
22. Rd2 Rxd2 23. Nxd2 Qd8 24. c3 bxc3 25. Nxc3 Ba6 26. Bxa6 Nxa6 27. Kh2 Qd4
28. Qxd4 Nxd4 29. Nce4 f5 30. exf6 exf6 31. Bd6 f5 32. Nc5 Nxc5 33. Bxc5 Be5+
34. Kg1 Ne2+ 35. Kf1 Nc1 36. Bb6 Bc3 37. Nc4 Nxb3 38. Ke2 Kf7 39. Kd3 Bb4 40.
Ne5+ Ke6 41. Nxc6 Bc5 42. Bxc5 Nxc5+ 43. Kc4 Nxa4 44. Nxa5 Nb2+ 45. Kd4 g5 46.
Ke3 Nd1+ 47. Ke2 Nc3+ 48. Kd3 Nd5 49. g3 h5 50. Nc6 h4 51. Nd4+ Kf6 52. Nf3
hxg3 53. fxg3 Kg6 54. Kd4 Nf6 55. Ke5 Nd7+ 56. Kd6 Nb6 57. Ke6 Nc4 58. Ne5+
Nxe5 59. Kxe5 f4 60. gxf4 gxf4 61. Kxf4 Kh5 1/2-1/2

[Event "4NCL Division 4 South"]
[Site "Reading, ENG"]
[Date "2018.03.24"]
[Round "7.26"]
[White "Collins, Jonathan"]
[Black "Makkar, Rajat"]
[Result "0-1"]
[WhiteElo "1812"]
[BlackElo "1800"]
[PlyCount "96"]
[EventDate "2018.03.24"]

1. e4 c6 2. Nf3 d5 3. Nc3 a6 4. exd5 cxd5 5. d4 Nc6 6. a3 Nf6 7. Be2 Bg4 8. O-O
e6 9. b4 Ne4 10. Bb2 Nxc3 11. Bxc3 Bxf3 12. Bxf3 b5 13. Qd2 Be7 14. a4 O-O 15.
axb5 axb5 16. Rxa8 Qxa8 17. Ra1 Qb7 18. Be2 Qb6 19. Rd1 Ra8 20. Bd3 Ra4 21. Qe2
Na7 22. Rb1 Bf6 23. Rd1 g6 24. Qf3 Bg7 25. Bf1 Nc6 26. Qd3 Ra3 27. Ra1 Nxb4 28.
Bxb4 Rxa1 29. c3 Qc6 30. g3 Qc4 31. Kg2 Bf8 32. Bxf8 Kxf8 33. h4 Rc1 34. h5
Qxd3 35. Bxd3 Rxc3 36. Bxb5 Rb3 37. Be2 Rb4 38. hxg6 hxg6 39. f4 Rxd4 40. Kf3
Ra4 41. g4 Ra3+ 42. Kf2 Ra2 43. Ke3 d4+ 44. Kd3 Rxe2 45. Kxe2 g5 46. Kd3 gxf4
47. Kxd4 e5+ 48. Ke4 Kg7 0-1

[Event "4NCL Division 4 South"]
[Site "Reading, ENG"]
[Date "2018.03.24"]
[Round "7.31"]
[White "Norman, Kenneth I"]
[Black "Mitra, Roman C"]
[Result "0-1"]
[WhiteElo "2118"]
[BlackElo "2090"]
[PlyCount "56"]
[EventDate "2018.03.24"]

1. Nf3 Nf6 2. c4 b6 3. g3 Bb7 4. Bg2 g6 5. O-O Bg7 6. Nc3 O-O 7. d4 Ne4 8. Nxe4
Bxe4 9. Be3 d6 10. Qd2 e6 11. Bh6 Qe7 12. Bxg7 Kxg7 13. Qc3 Kg8 14. Rac1 Nd7
15. Bh3 f5 16. Nd2 Bb7 17. f4 e5 18. e3 Rae8 19. Bg2 Bxg2 20. Kxg2 exd4 21.
exd4 Nf6 22. Nb3 Qe2+ 23. Kg1 Ng4 24. Rc2 Qe3+ 25. Kh1 Qxc3 26. Rxc3 Re2 27.
Rb1 Rxh2+ 28. Kg1 Re8 0-1

[Event "4NCL Division 4 South"]
[Site "Reading, ENG"]
[Date "2018.03.24"]
[Round "7.32"]
[White "Wilks, Simon"]
[Black "Peters, Alexander John"]
[Result "1-0"]
[WhiteElo "2004"]
[BlackElo "1993"]
[PlyCount "53"]
[EventDate "2018.03.24"]

1. e4 b6 2. d4 Bb7 3. Bd3 e6 4. Nf3 Nf6 5. Qe2 d5 6. Nbd2 c5 7. dxc5 Bxc5 8. e5
Ng4 9. O-O Nd7 10. Nb3 Qc7 11. Bf4 h5 12. h3 Nh6 13. c3 g6 14. Nbd4 a6 15. Rac1
b5 16. Rfe1 Qb6 17. Rf1 Nf5 18. Bxf5 gxf5 19. Bg5 Be7 20. Qd2 Nc5 21. Bxe7 Ne4
22. Qe3 f4 23. Qxf4 Kxe7 24. Rfe1 Raf8 25. Rxe4 dxe4 26. Qf6+ Ke8 27. Nf5 1-0

[Event "4NCL Division 4 South"]
[Site "Reading, ENG"]
[Date "2018.03.24"]
[Round "7.33"]
[White "Reynolds, D Ian W"]
[Black "Penna, Tommaso"]
[Result "0-1"]
[WhiteElo "1999"]
[BlackElo "1986"]
[PlyCount "62"]
[EventDate "2018.03.24"]

1. e4 e6 2. d4 d5 3. Nc3 Bb4 4. exd5 exd5 5. Bd3 Nc6 6. a3 Ba5 7. Nf3 Bg4 8.
Be3 Nge7 9. h3 Bh5 10. O-O Bg6 11. Re1 O-O 12. b4 Bb6 13. Na4 Nf5 14. c3 Nd6
15. Bg5 Qd7 16. b5 Na5 17. Ne5 Qc8 18. Nxg6 hxg6 19. h4 Re8 20. Qf3 Ne4 21.
Bxe4 dxe4 22. Rxe4 Qd7 23. Rxe8+ Rxe8 24. Qd3 Qd5 25. Rd1 Nc4 26. Rb1 Nxa3 27.
Nxb6 axb6 28. Rb4 Re1+ 29. Kh2 Qa2 30. Be3 Nc2 31. Qd2 Rxe3 0-1

[Event "4NCL Division 4 South"]
[Site "Reading, ENG"]
[Date "2018.03.24"]
[Round "7.34"]
[White "Jones, Tibor"]
[Black "Crombleholme, Alan K"]
[Result "1/2-1/2"]
[WhiteElo "1876"]
[BlackElo "1991"]
[PlyCount "69"]
[EventDate "2018.03.24"]

1. Nf3 d5 2. d4 Nf6 3. c4 c6 4. Nc3 dxc4 5. a4 Bf5 6. Ne5 e6 7. f3 Bb4 8. Nxc4
c5 9. dxc5 Qxd1+ 10. Kxd1 O-O 11. e4 Rd8+ 12. Kc2 Bg6 13. Be3 Nbd7 14. Be2 Nd5
15. Bd4 Nxc3 16. bxc3 Bxc5 17. Ne5 Bxd4 18. cxd4 Rac8+ 19. Kb3 Nxe5 20. dxe5
Rc5 21. Rac1 Rxe5 22. Rhd1 Rb8 23. Rd7 a6 24. Rcc7 b5 25. a5 f5 26. Rxg7+ Kh8
27. Bd3 Rd8 28. Bc2 b4 29. Ka4 b3 30. Bxb3 Rd4+ 31. Ka3 fxe4 32. Rge7 Rxa5+ 33.
Kb2 Rd8 34. fxe4 Re5 35. Bc2 1/2-1/2

[Event "4NCL Division 4 South"]
[Site "Reading, ENG"]
[Date "2018.03.24"]
[Round "7.35"]
[White "Ruthen, Stephen W"]
[Black "Ignatovic, Ernest"]
[Result "1/2-1/2"]
[WhiteElo "1991"]
[BlackElo "1698"]
[PlyCount "137"]
[EventDate "2018.03.24"]

1. c4 Nf6 2. g3 g6 3. Bg2 Bg7 4. Nc3 d6 5. e4 O-O 6. Nge2 c5 7. O-O Nc6 8. d3
Ne8 9. Be3 Nd4 10. Qd2 Rb8 11. Rac1 a6 12. Bh6 Nxe2+ 13. Nxe2 b5 14. b3 bxc4
15. dxc4 a5 16. Rfd1 Qc7 17. Nc3 Bd7 18. Nd5 Qd8 19. Bg5 f6 20. Bf4 a4 21. Rb1
Nc7 22. Nxe7+ Qxe7 23. Bxd6 Qd8 24. Bxc7 Qxc7 25. Qxd7 Qxd7 26. Rxd7 Rf7 27.
Bh3 Kf8 28. Rd5 Rc7 29. Bd7 a3 30. Rbd1 Rd8 31. Kf1 Ke7 32. Bb5 Rxd5 33. Rxd5
Bh6 34. f4 g5 35. fxg5 Bxg5 36. Ke2 Bc1 37. Kf3 Kf7 38. Bd7 Bb2 39. Kg4 Bd4 40.
Bf5 Ke8 41. Rd6 Ke7 42. Ra6 Bb2 43. Kh5 Kf8 44. Ra8+ Kg7 45. Be6 h6 46. Rg8+
Kh7 47. Rg6 Rb7 48. Rxh6+ Kg7 49. Rg6+ Kh7 50. Rh6+ Kg7 51. Bf5 Kg8 52. Be6+
Kg7 53. Rg6+ Kh7 54. Bg8+ Kh8 55. Bd5 Rb8 56. h4 Kh7 57. Rh6+ Kg7 58. g4 Rxb3
59. Rg6+ Kh7 60. Rh6+ Kg7 61. Rg6+ Kh7 62. Rg8 Rh3 63. Ra8 Kg7 64. Rg8+ Kh7 65.
Rc8 Be5 66. g5 fxg5 67. Kxg5 Bd4 68. Rc7+ Kh8 69. Rc8+ 1/2-1/2

[Event "4NCL Division 4 South"]
[Site "Reading, ENG"]
[Date "2018.03.24"]
[Round "7.36"]
[White "Napolitano, Domenico"]
[Black "Feavyour, John A"]
[Result "0-1"]
[WhiteElo "1464"]
[BlackElo "1987"]
[PlyCount "74"]
[EventDate "2018.03.24"]

1. e4 c5 2. d4 cxd4 3. c3 d3 4. Bxd3 Nc6 5. Nf3 d6 6. Nd4 Bd7 7. f4 e5 8. Nxc6
Bxc6 9. Be3 Nf6 10. Nd2 Be7 11. f5 O-O 12. h4 d5 13. Qf3 Qc7 14. g4 dxe4 15.
Nxe4 Nd5 16. h5 Nxe3 17. Qxe3 h6 18. f6 Bxf6 19. Nxf6+ gxf6 20. Qxh6 e4 21.
O-O-O exd3 22. Qxf6 Qd8 23. Qh6 Bxh1 24. Rf1 Qe7 25. Rxh1 Rad8 26. Qf4 Rfe8 27.
h6 Qe3+ 28. Qxe3 Rxe3 29. Kd2 Re2+ 30. Kc1 Rc2+ 31. Kb1 Rg2 32. Kc1 Rxg4 33.
Kd2 Rg2+ 34. Kc1 Kh7 35. Rf1 Rd7 36. a4 Kxh6 37. Rf4 d2+ 0-1

[Event "4NCL Division 4 South"]
[Site "Reading, ENG"]
[Date "2018.03.24"]
[Round "7.41"]
[White "Rabbitt, Michael"]
[Black "Scott, David A"]
[Result "0-1"]
[WhiteElo "2057"]
[BlackElo "2115"]
[PlyCount "78"]
[EventDate "2018.03.24"]

1. e4 c6 2. Nc3 d5 3. Nf3 Bg4 4. h3 Bxf3 5. Qxf3 Nf6 6. exd5 cxd5 7. g3 Nc6 8.
Bg2 e6 9. O-O Be7 10. d3 O-O 11. a3 Rc8 12. Bd2 Nd4 13. Qd1 Qd7 14. Rc1 b5 15.
Ne2 Nf5 16. Ba5 Rfe8 17. Qd2 a6 18. Ra1 Bd8 19. Rfc1 e5 20. Bxd8 Rcxd8 21. a4
e4 22. dxe4 Nxe4 23. Bxe4 Rxe4 24. axb5 axb5 25. Re1 h6 26. Kg2 Qc6 27. Nc3 Rd4
28. Qe2 b4 29. Qb5 Rc4 30. Qa5 Rc8 31. Ne2 Rxc2 32. Qxb4 d4+ 33. Kg1 Qf3 34.
Ra3 d3 35. Qf4 Qxf4 36. Nxf4 d2 37. Rf1 Rxb2 38. Rd3 Rc1 39. Nd5 Rbb1 0-1

[Event "4NCL Division 4 South"]
[Site "Reading, ENG"]
[Date "2018.03.24"]
[Round "7.42"]
[White "Singleton, Michael P F"]
[Black "Girdlestone, Paul C"]
[Result "1-0"]
[WhiteElo "2061"]
[BlackElo "2033"]
[PlyCount "81"]
[EventDate "2018.03.24"]

1. d4 Nf6 2. c4 e6 3. Nc3 Bb4 4. Nf3 b6 5. Bg5 Bb7 6. e3 h6 7. Bh4 c5 8. Bd3
cxd4 9. exd4 g5 10. Bg3 Ne4 11. Qc2 Nxg3 12. hxg3 g4 13. Ne5 Nc6 14. Nxc6 Bxc6
15. O-O-O Bxc3 16. Qxc3 Qf6 17. Bc2 Bxg2 18. Rh2 Bf3 19. Rd2 h5 20. Kb1 Rc8 21.
Qd3 h4 22. Rxh4 Rxh4 23. gxh4 Qxh4 24. b3 d5 25. c5 bxc5 26. Qb5+ Kf8 27. dxc5
Qh1+ 28. Kb2 Qh8+ 29. Kc1 Qa1+ 30. Bb1 Qc3+ 31. Rc2 Qe1+ 32. Kb2 Bd1 33. Qd7
Re8 34. Qd6+ Kg7 35. Rc3 Qd2+ 36. Bc2 d4 37. Rc4 e5 38. c6 Be2 39. Rc5 Re6 40.
Qd8 Ba6 41. c7 1-0

[Event "4NCL Division 4 South"]
[Site "Reading, ENG"]
[Date "2018.03.24"]
[Round "7.43"]
[White "Tomboline, David"]
[Black "Faulks, Nick"]
[Result "0-1"]
[WhiteElo "1960"]
[BlackElo "1908"]
[PlyCount "48"]
[EventDate "2018.03.24"]

1. d4 Nf6 2. Nf3 c5 3. c3 Qb6 4. dxc5 Qxc5 5. Be3 Qc7 6. h3 g6 7. g3 Bg7 8. Bg2
O-O 9. O-O Nc6 10. Na3 d5 11. Qc1 Bd7 12. Bh6 e5 13. Bxg7 Kxg7 14. Rd1 a6 15.
c4 d4 16. e3 Rae8 17. exd4 e4 18. Ne5 Nxe5 19. dxe5 Rxe5 20. Qe3 Rh5 21. g4 Re5
22. g5 Nh5 23. Rd5 Bc6 24. Rd2 Qe7 0-1

[Event "4NCL Division 4 South"]
[Site "Reading, ENG"]
[Date "2018.03.24"]
[Round "7.44"]
[White "Alcock, Graham P"]
[Black "Bourne, Johnathan D"]
[Result "0-1"]
[WhiteElo "1769"]
[BlackElo "1940"]
[PlyCount "58"]
[EventDate "2018.03.24"]

1. e4 e5 2. Nf3 Nc6 3. Bc4 Nf6 4. Ng5 d5 5. exd5 b5 6. Bxb5 Qxd5 7. Nc3 Qxg2 8.
Qf3 Qxf3 9. Nxf3 Bd7 10. a3 Bd6 11. d3 a6 12. Ba4 Nd4 13. Bxd7+ Kxd7 14. Nxd4
exd4 15. Ne2 Rhe8 16. Bg5 Ng4 17. Kd2 c5 18. h3 Ne5 19. Bf4 Nf3+ 20. Kd1 Re7
21. Bxd6 Kxd6 22. Ng3 g6 23. Ne4+ Kc6 24. Nd2 Nh4 25. Re1 Rae8 26. Rxe7 Rxe7
27. c4 dxc3 28. bxc3 Ng2 29. Kc2 Ne1+ 0-1

[Event "4NCL Division 4 South"]
[Site "Reading, ENG"]
[Date "2018.03.24"]
[Round "7.45"]
[White "Shaw, Meyrick"]
[Black "Durrant, Paul Eo"]
[Result "1/2-1/2"]
[WhiteElo "1941"]
[BlackElo "1825"]
[PlyCount "41"]
[EventDate "2018.03.24"]

1. e4 c5 2. Nc3 Nc6 3. d3 g6 4. g3 Bg7 5. Bg2 e6 6. Nf3 d6 7. O-O Bd7 8. Nb5
Qb8 9. c3 e5 10. Be3 Nge7 11. Qd2 O-O 12. h3 Nd8 13. Na3 Bc6 14. Nc2 Ne6 15.
Nh2 f5 16. f4 b6 17. Rae1 Qb7 18. Re2 Rad8 19. Qe1 Qa6 20. Qd2 Qb7 21. Qe1
1/2-1/2

[Event "4NCL Division 4 South"]
[Site "Reading, ENG"]
[Date "2018.03.24"]
[Round "7.46"]
[White "Tasbasi, Genc"]
[Black "Cherupalli, Ramprasad"]
[Result "1/2-1/2"]
[WhiteElo "1750"]
[BlackElo "1937"]
[PlyCount "39"]
[EventDate "2018.03.24"]

1. e4 e5 2. Nf3 Nc6 3. d4 exd4 4. Nxd4 Nf6 5. Nc3 Bb4 6. Nxc6 bxc6 7. Bd3 h6 8.
O-O O-O 9. Bf4 Re8 10. Re1 a5 11. a3 Bf8 12. Qd2 d6 13. h3 Be6 14. Bg3 Nd7 15.
f4 Nb6 16. f5 Bc4 17. b3 Bxd3 18. Qxd3 Qf6 19. Ne2 c5 20. Nc3 1/2-1/2

[Event "4NCL Division 4 South"]
[Site "Reading, ENG"]
[Date "2018.03.24"]
[Round "7.51"]
[White "Clark, Ian C"]
[Black "Handley, Michael R"]
[Result "1/2-1/2"]
[WhiteElo "1996"]
[BlackElo "2170"]
[PlyCount "79"]
[EventDate "2018.03.24"]

1. e4 e6 2. d4 d5 3. Nc3 Bb4 4. Nge2 dxe4 5. a3 Be7 6. Nxe4 Nd7 7. Qd3 Ngf6 8.
N2c3 Nxe4 9. Nxe4 Nf6 10. Be2 Nxe4 11. Qxe4 Qd5 12. Bf3 Qxe4+ 13. Bxe4 Bf6 14.
c3 c6 15. Bf4 O-O 16. O-O Bd7 17. Rfd1 Rac8 18. Rd2 Be7 19. h3 g5 20. Bh2 f5
21. Bf3 f4 22. Re1 Rf6 23. c4 Bd6 24. Bg4 Rd8 25. g3 Kf7 26. Rde2 Bc8 27. Bh5+
$11 27... Kg7 28. Bg4 fxg3 29. fxg3 Bc7 30. Re4 h5 31. Bxh5 Rxd4 32. Rxd4 Bb6
33. Kg2 Bxd4 34. Bg1 Bxg1 35. Kxg1 Rh6 36. Bg4 Kf6 37. Kf2 c5 38. Rd1 Ke7 39.
Ke3 Bd7 40. Rd2 1/2-1/2

[Event "4NCL Division 4 South"]
[Site "Reading, ENG"]
[Date "2018.03.24"]
[Round "7.52"]
[White "Smith, Olivia"]
[Black "Bellers, Chris J"]
[Result "1-0"]
[WhiteElo "2080"]
[BlackElo "1959"]
[PlyCount "59"]
[EventDate "2018.03.24"]

1. e4 g6 2. d4 Bg7 3. Nf3 c5 4. c4 d6 5. Nc3 Qa5 6. Be2 Nc6 7. d5 Nd4 8. Bd2
Qb6 9. O-O Nf6 10. Rb1 O-O 11. h3 Bd7 12. Be3 Nxe2+ 13. Qxe2 Qc7 14. Qd2 a6 15.
a4 Qa5 16. e5 dxe5 17. Nxe5 Bf5 18. Rbd1 Rfd8 19. g4 Bc8 20. f4 Nd7 21. Qf2 Qc7
22. Nxd7 Qxd7 23. Bxc5 h5 24. f5 Rf8 25. Ne4 f6 26. d6 exd6 27. Nxd6 hxg4 28.
hxg4 Qxa4 29. fxg6 Bxg4 30. Qh4 1-0

[Event "4NCL Division 4 South"]
[Site "Reading, ENG"]
[Date "2018.03.24"]
[Round "7.53"]
[White "De Coverly, Roger D"]
[Black "Sivarajasingam, Shayanna"]
[Result "1/2-1/2"]
[WhiteElo "1953"]
[BlackElo "1729"]
[PlyCount "75"]
[EventDate "2018.03.24"]

1. e4 e6 2. d4 d5 3. exd5 exd5 4. c4 Bb4+ 5. Nc3 Nf6 6. Nf3 O-O 7. Be2 dxc4 8.
Bxc4 a6 9. O-O b5 10. Bd3 Bb7 11. Bg5 h6 12. Bh4 Nbd7 13. Bf5 Be7 14. Re1 c5
15. dxc5 Nxc5 16. Qxd8 Bxd8 17. b4 Ncd7 18. Rad1 Nb6 19. Bg3 g6 20. Bh3 Nbd5
21. Nxd5 Bxd5 22. Bd6 Bxf3 23. gxf3 Re8 24. Rxe8+ Nxe8 25. Bc5 Bf6 26. f4 Rd8
27. Rxd8 Bxd8 28. Bc8 Nc7 29. Kg2 Ne6 30. Bd6 a5 31. a3 axb4 32. axb4 Nd4 33.
Bd7 Kg7 34. f3 Bh4 35. Kh3 Bf6 36. Kg3 Nc2 37. Bxb5 Bc3 38. Bd3 1/2-1/2

[Event "4NCL Division 4 South"]
[Site "Reading, ENG"]
[Date "2018.03.24"]
[Round "7.54"]
[White "Sivarajasingam, Venetia"]
[Black "Krawczuk, Michael J"]
[Result "1/2-1/2"]
[WhiteElo "1764"]
[BlackElo "1828"]
[PlyCount "44"]
[EventDate "2018.03.24"]

1. e4 c5 2. Nf3 d6 3. Bb5+ Nd7 4. d4 Ngf6 5. Nc3 a6 6. Bxd7+ Nxd7 7. O-O e6 8.
Be3 Be7 9. Qe2 cxd4 10. Nxd4 O-O 11. Rad1 Qc7 12. f4 Nf6 13. f5 b5 14. a3 e5
15. Nb3 Bb7 16. Nd2 d5 17. exd5 Nxd5 18. Nxd5 Bxd5 19. Qg4 f6 20. b4 Rfd8 21.
Ne4 Bxe4 22. Qxe4 Rac8 1/2-1/2